Earned value project management

Αποθηκεύτηκε σε:
Λεπτομέρειες βιβλιογραφικής εγγραφής
Κύριος συγγραφέας: Fleming, Quentin W.
Άλλοι συγγραφείς: Koppelman, Joel M.
Μορφή: Βιβλίο
Γλώσσα:English
Δημοσίευση: Newtown Square, PA : Project Management Institute, c2005
Θέματα:
Ετικέτες: Προσθήκη ετικέτας
Δεν υπάρχουν, Καταχωρήστε ετικέτα πρώτοι!

MARC

LEADER 00000nam a2200000 i 4500
001 1/58106
008 071011s2005 eng d
020 |a 1-930699-89-1 
035 |l 10091430 
040 |a GR-MY-UA  |b gre  |e aacr 
041 0 |a eng 
082 0 |a 658.15  |2 (22) 
100 1 |a Fleming, Quentin W. 
245 1 0 |a Earned value project management /  |c Quentin W. Fleming and Joel M. Koppelman 
260 |a Newtown Square, PA :   |b Project Management Institute,   |c c2005 
300 |a viii, 232 σ.;  |b εικ.;  |c 26 εκ. 
504 |a Περιλαμβάνει βιβλιογραφίες και ευρετήριο 
650 0 0 |a Cost control. 
650 0 0 |a Program budgeting. 
650 0 0 |a Production control. 
650 0 0 |a Project management. 
700 1 |a Koppelman, Joel M. 
852 |a INST  |b CHIOS  |e 20071011  |h 658.15 FLE  |p 005200028673  |q 005200028673  |t BK  |y 0 
901 |a BIBL2-2007-3 
909 |a Χ  |b 139621 
922 |a 2ΕΛΗ  |b 200709  |c ΕΠΕΑΕΚ2/ΤΜΟΔ  |d ΠΑΠΑΣΩΤΗΡΙΟΥ 
970 |a ΒΑΡΦΗΣ  |b ΒΑΓΓΕΛΗΣ  |z 2007/10/11